Online
Catalog

Los cronistas y la historia / (Record no. 1534)

MARC details
000 -CABECERA
campo de control de longitud fija 00948cam a2200229 a 4500
001 - NÚMERO DE CONTROL
campo de control 000001647
005 - FECHA Y HORA DE LA ÚLTIMA TRANSACCIÓN
campo de control 20200929145641.0
008 - DATOS DE LONGITUD FIJA--INFORMACIÓN GENERAL
campo de control de longitud fija 820309s1957 ve 001 0 spa
040 ## - FUENTE DE LA CATALOGACIÓN
Centro catalogador/agencia de origen DO-SdBNP
Lengua de catalogación spa
Centro/agencia transcriptor BNPHU
082 ## - NÚMERO DE LA CLASIFICACIÓN DECIMAL DEWEY
Número de clasificación 909.987
Número de documento/Ítem M868c
100 1# - ENTRADA PRINCIPAL--NOMBRE DE PERSONA
Nombre de persona Morón, Guillermo.
9 (RLIN) 5372
245 14 - MENCIÓN DE TÍTULO
Título Los cronistas y la historia /
Mención de responsabilidad, etc. Guillermo Morón.
260 ## - PUBLICACIÓN, DISTRIBUCIÓN, ETC.
Lugar de publicación, distribución, etc. Caracas :
Nombre del editor, distribuidor, etc. Ministerio de Educación,
-- Dirección de Cultura y Bellas Artes,
Fecha de publicación, distribución, etc. 1957.
300 ## - DESCRIPCIÓN FÍSICA
Extensión 192 p. ;
Dimensiones 18 cm.
490 1# - MENCIÓN DE SERIE
Mención de serie Biblioteca Popular venezolana
Designación de volumen o secuencia v. 64
504 ## - NOTA DE BIBLIOGRAFÍA, ETC.
Nota de bibliografía, etc. Incluye referencias bibliográficas y notas al pie de las páginas
651 #4 - PUNTO DE ACCESO ADICIONAL DE MATERIA--NOMBRE GEOGRÁFICO
Nombre geográfico Venezuela
Subdivisión general Historiagrafía
9 (RLIN) 5373
600 14 - PUNTO DE ACCESO ADICIONAL DE MATERIA--NOMBRE DE PERSONA
Nombre de persona AGUADO, PEDRO DE
Fechas asociadas al nombre 1503 - 1590
Subdivisión general CRÍTICA E INTERPRETACIÓN
9 (RLIN) 5374
600 14 - PUNTO DE ACCESO ADICIONAL DE MATERIA--NOMBRE DE PERSONA
Nombre de persona OVIEDO Y BANOS, JOSÉ DE,
Fechas asociadas al nombre 1671-1738
Subdivisión general CRÍTICA E INTERPRETACIÓN
9 (RLIN) 5375
600 14 - PUNTO DE ACCESO ADICIONAL DE MATERIA--NOMBRE DE PERSONA
Nombre de persona CALVIN, ANTONIO
Fechas asociadas al nombre 1719-?
Subdivisión general CRÍTICA E INTERPRETACIÓN
9 (RLIN) 5376
830 #0 - PUNTO DE ACCESO ADICIONAL DE SERIE-TÍTULO UNIFORME
Título uniforme Biblioteca Popular venezolana
Designación de volumen o secuencia v. 64
9 (RLIN) 5377
Holdings
Estado de retiro Estado de pérdida Restricciones de uso No para préstamo Código de colección Localización permanente Ubicación/localización actual Ubicación en estantería Fecha de adquisición Número de inventario Total de préstamos Signatura topográfica completa Código de barras Fecha visto por última vez Precio válido a partir de Tipo de ítem Koha Número de copia
    Préstamo interno   Monografías: Libros y Folletos General General En catalogación 14.07.2009 LF1   909.987 M868c 1647-10 25.06.2020 25.06.2020 Préstamo interno  
    Préstamo restringido Préstamo restrigido Monografías: Libros y Folletos General General En catalogación 31.08.2009 LF1   909.987 M868c 1647-20 25.06.2020 25.06.2020 Préstamo interno e.2

Powered by Koha